Historia latinoamericana en el contexto mundial del siglo xx. anexo ii : para historia argentina y latinoamericana en el contexto mundial en el siglo xx /
Guardado en:
| Autor Principal: | |
|---|---|
| Formato: | Libro |
| Publicado: |
Buenos Aires :
Maipue,
2005
|
| Materias: | |
| Etiquetas: |
Agregar Etiqueta
Sin Etiquetas, Sea el primero en etiquetar este registro!
|
| LEADER | 00778nam a22002295a 4500 | ||
|---|---|---|---|
| 001 | CEM.cems014146 | ||
| 008 | 130507s2005##################000#0#####d | ||
| 005 | 20210804183017.0 | ||
| 003 | CEMS | ||
| 245 | 1 | 0 | |a Historia latinoamericana en el contexto mundial del siglo xx. anexo ii : |b para historia argentina y latinoamericana en el contexto mundial en el siglo xx / |c Teresa Eggers Brass y Otros |
| 260 | |a Buenos Aires : |b Maipue, |c 2005 | ||
| 300 | |a 163 p. | ||
| 500 | |a 2do Año Polimodal. | ||
| 590 | |a 1198.013 | ||
| 020 | |a 9879493184 | ||
| 100 | 1 | |a Eggers Brass, Teresa | |
| 653 | |a Historia | ||
| 653 | |a Historia argentina | ||
| 653 | |a Historia latinoamericana | ||
| 653 | |a Historia siglo xx | ||
| 653 | |a Biblioteca TC | ||
| 859 | |a CEMS |b BIB. CEMS - 11 de abril |h TC |p 1198.013 |t Ej.1 | ||
